| 000 | 00678nam a2200205Ia 4500 | ||
|---|---|---|---|
| 003 | GCL | ||
| 008 | 140319s9999 xx 000 0 ara d | ||
| 040 |
_aGCL / _cGCL |
||
| 082 | 0 | 4 |
_a657.4 _bع ن |
| 100 | 1 | _aعبداللطيف حافظ | |
| 245 | 1 | 0 |
_aالنظرية التطبيقية فى النظام المحاسبى الموحد ط 5 / _cعبداللطيف حافظ |
| 700 | 1 | _aموريس واسيلى | |
| 700 | 1 | _aفؤاد العشرى | |
| 260 |
_a[S.N] : _bدار الفكر العربى ، _c1985 |
||
| 300 | _a451 ص | ||
| 490 | _a | ||
| 650 | 0 | 4 | _aالمحاسبة الحكومية |
| 650 | 0 | 4 | _aالنظام المحاسبى الموحد |
| 942 |
_2ddc _cBK |
||
| 999 |
_c48170 _d48170 |
||